<?xml version="1.0" encoding="UTF-8"?>
<marc:record xmlns:marc="http://www.loc.gov/MARC21/slim">
   <marc:leader>00000nam a2200000 a 4500</marc:leader>
   <marc:datafield ind1="1" ind2=" " tag="100">
      <marc:subfield code="a">Cummings, Becky</marc:subfield>
      <marc:subfield code="4">aut</marc:subfield>
      <marc:subfield code="e">Verfasser/-in</marc:subfield>
   </marc:datafield>
   <marc:datafield ind1=" " ind2=" " tag="653">
      <marc:subfield code="a">Mut</marc:subfield>
   </marc:datafield>
   <marc:datafield ind1=" " ind2=" " tag="653">
      <marc:subfield code="a">Selbstbewußtsein</marc:subfield>
   </marc:datafield>
   <marc:datafield ind1=" " ind2=" " tag="653">
      <marc:subfield code="a">Wortschatz</marc:subfield>
   </marc:datafield>
   <marc:datafield ind1=" " ind2=" " tag="653">
      <marc:subfield code="a">geistige Themen</marc:subfield>
   </marc:datafield>
   <marc:datafield ind1=" " ind2=" " tag="653">
      <marc:subfield code="a">Kinderprobleme</marc:subfield>
   </marc:datafield>
   <marc:datafield ind1="0" ind2="0" tag="245">
      <marc:subfield code="a">Worte, die mich stark und mutig machen</marc:subfield>
   </marc:datafield>
   <marc:datafield ind1="0" ind2="0" tag="245">
      <marc:subfield code="b">Übungen für mehr Selbstvertrauen - Bestärkendes Bilderbuch für Kinder ab 4 Jahre (Naturkind - garantiert gut!)</marc:subfield>
   </marc:datafield>
   <marc:datafield ind1=" " ind2="1" tag="264">
      <marc:subfield code="b">Loewe</marc:subfield>
      <marc:subfield code="c">2021</marc:subfield>
   </marc:datafield>
   <marc:datafield ind1="1" ind2=" " tag="490">
      <marc:subfield code="a">Naturkind</marc:subfield>
   </marc:datafield>
   <marc:datafield ind1="1" ind2=" " tag="520">
      <marc:subfield code="a">Klappentext: Deine Worte haben Zauberkraft! Sie helfen dir dabei, dich selbstbewusster und stärker zu fühlen. Gehe positiv und offen in die Welt hinaus und beeinflusse damit auch andere um dich herum.  - Stärkt Selbstbewusstsein und Empathiefähigkeit - Interaktives Buch mit Tipps zum Vorlesen und äZaubernô - Gereimte Texte für Jungen und Mädchen  Unsere Worte bestimmen nicht nur, wie andere sich um uns herum fühlen, sondern auch, wie wir uns fühlen. Gehen wir positiv in die Welt hinaus, geben Komplimente und glauben an uns, so fühlen wir uns gleich viel gestärkter und selbstbewusster. Diese positiven Worte ergeben in Verbindung mit individuellen Körperbewegungen kleine Rituale, die zu jeder Zeit wiederholt werden können. Ein Bilderbuch für Kinder ab 4 Jahren.  Über den Autor und weitere Mitwirkende Becky Cummings ist Autorin, Lehrerin und dreifache Mutter. Sie liebt Kinder und Ehrlichkeit ist ihr sehr wichtig. Becky hat das Glück, all ihre Leidenschaften im Schreiben von Kinderbüchern vereinen zu können, die Liebe, Hoffnung, Glaube, Gesundheit und Glück in die Welt tragen. Wenn sie gerade nicht schreibt, tanzt sie Salsa, isst einen Veggie Burrito bei ihrem Lieblingsmexikaner oder ist unterwegs, um neue Orte zu entdecken. Anja Grote hat Kommunikationsdesign und Illustration studiert. Nach ein paar Jahren als Grafikdesignerin entschied sie sich 2016 (endlich) für die Illustration. Seit dem gehören freche Astronauten, kleine Littel und schlaue Tiere zu ihren Wegbegleitern und sie unternimmt fantastische Reisen in die Welt der Kinderfantasie. Sie liebt diesen Beruf vor allem weil er Lebendigkeit und Neugierde anregt und es möglich macht unsere Verbundenheit mit Mensch, Tier, Pflanze und dem Rest der Welt zu zeigen. Anna Taube, 1976 geboren, arbeitet als freie Autorin und Übersetzerin. Sie wohnt mit ihrer Familie im idyllischen Bad Rodach, wo es so friedlich ist, dass sich Fuchs und Hase Gute Nacht sagen. Vermutlich mag sie deswegen Geschichten über Tiere so gern.</marc:subfield>
   </marc:datafield>
   <marc:datafield ind1=" " ind2=" " tag="020">
      <marc:subfield code="a">9783743210417</marc:subfield>
      <marc:subfield code="9">9783743210417</marc:subfield>
   </marc:datafield>
</marc:record>
